[Event "ENG-ch Schools"]
[Site "Nottingham"]
[Date "2025.06.25"]
[Round "1.3"]
[White "Shidlagatta, Anirudh"]
[Black "Jeevananth, Thuvaragan"]
[Result "1/2-1/2"]
[WhiteElo "2088"]
[BlackElo "1765"]
[PlyCount "87"]
[EventDate "2025.06.25"]
[EventType "team-swiss"]
[EventRounds "6"]
[EventCountry "ENG"]
[SourceTitle "CB27_2025"]
[SourceDate "2025.07.02"]
[SourceVersion "1"]
[SourceVersionDate "2025.07.02"]
[SourceQuality "1"]
[WhiteTeam "Hampton"]
[BlackTeam "Queen Elizabeth Hospital"]
[WhiteTeamCountry "ENG"]
[BlackTeamCountry "ENG"]

1. Nf3 Nf6 2. g3 g6 3. Bg2 Bg7 4. 0-0 0-0 5. d4 d5 6. c4 c6 7. b3 Na6 8. Nc3 Re8 9. Bb2 Nc7 10. Rc1 Bf5 11. e3 Ne4 12. Nh4 Nxc3 13. Bxc3 Bd7 14. Re1 dxc4 15. bxc4 e5 16. Nf3 Bg4 17. h3 Bxf3 18. Bxf3 exd4 19. Bxd4 Bxd4 20. Qxd4 Qxd4 21. exd4 Rxe1+ 22. Rxe1 Re8 23. Rb1 Ne6 24. Rxb7 Nxd4 25. Kg2 Nxf3 26. Kxf3 a5 27. Rb6 Re1 28. Ra6 Rc1 29. Rxc6 Rc2 30. Rc8+ Kg7 31. c5 Rxa2 32. c6 Rc2 33. Ke4 a4 34. Kd5 a3 35. Ra8 a2 36. Kd6 Rd2+ 37. Ke7 Rc2 38. Kd7 Rd2+ 39. Kc8 Rxf2 40. c7 Rb2 41. Ra7 Rd2 42. Kb8 Rb2+ 43. Ka8 Rc2 44. Kb7 1/2-1/2